|
|
|
|
| LEADER |
01595nam a2200277 a 4500 |
| 001 |
29203 |
| 003 |
BD-DhAAL |
| 008 |
150507r20131994bg 000 0 ben d |
| 020 |
|
|
|a 9844460077
|
| 040 |
|
|
|a DB-DhAAL
|c DB-DhAAL
|
| 082 |
0 |
0 |
|a 891.44
|
| 100 |
1 |
|
|a ইকবাল, মুহম্মদ জাফর
|9 8824
|
| 245 |
1 |
0 |
|a সায়েন্স ফিকশান সমগ্র,
|n ১ /
|c মুহম্মদ জাফর ইকবাল.
|
| 246 |
|
|
|a Science fiction samagra vol-1
|
| 260 |
|
|
|a ঢাকা :
|b প্রতীক,
|c ১৯৯৪ [২০১৩, ষড়বিংশ মুদ্রণ ২০১৯].
|
| 300 |
|
|
|a ৫৮৭ পৃ. ;
|c ২২ সে.মি.
|
| 362 |
|
|
|a প্রথম খণ্ড
|
| 504 |
|
|
|6 Novel
|
| 541 |
1 |
|
|a Residential Campus
AAL
|e 29203, 34807, 34977
|
| 650 |
|
0 |
|a Bengali fiction.
|9 6008
|
| 650 |
|
0 |
|a Science fiction, Bengali.
|9 58796
|
| 942 |
|
|
|2 ddc
|c BK
|
| 999 |
|
|
|c 34366
|d 34366
|
| 952 |
|
|
|0 0
|1 0
|2 ddc
|4 0
|6 891_440000000000000_IQB
|7 0
|9 53663
|a BRACUL
|b BRACUL
|c GEN
|d 2015-05-07
|e BRAC Institute of Language (BIL)
|l 10
|m 75
|o 891.44 IQB
|p 3010029203
|r 2025-06-28
|s 2025-06-23
|t 1
|w 2015-05-07
|y BK
|x Transferred from BIL to BRACUL on 06/06/22
|
| 952 |
|
|
|0 0
|1 0
|2 ddc
|4 0
|6 891_440000000000000_IQB
|7 0
|9 65654
|a SCL
|b SCL
|c GEN
|d 2019-07-17
|e Development Book Agency
|g 531.67
|l 10
|m 32
|o 891.44 IQB
|p 3020034807
|r 2024-11-03
|s 2024-10-28
|t 2
|v 531.67
|w 2019-07-17
|y BK
|
| 952 |
|
|
|0 0
|1 0
|2 ddc
|4 0
|6 891_440000000000000_IQB
|7 0
|9 65828
|a BRACUL
|b BRACUL
|c GEN
|d 2019-07-24
|e Development Book Agency
|g 531.67
|l 10
|m 131
|o 891.44 IQB
|p 3010034977
|r 2026-05-21
|s 2026-05-11
|t 3
|v 531.67
|w 2019-07-24
|y BK
|